[Event "Prague Golden Rapid op 17th"]
[Site "Prague"]
[Date "2022.07.09"]
[Round "5"]
[White "Bohatyrov, Mykola"]
[Black "Vesela, Jira"]
[Result "0-1"]
[WhiteElo "1469"]
[BlackElo "1795"]
[PlyCount "54"]
[EventDate "2022.07.09"]
[EventType "swiss (rapid)"]
[EventRounds "7"]
[EventCountry "CZE"]
[SourceTitle "CBM 209 Extra"]
[Source "ChessBase"]
[SourceDate "2022.09.30"]
[SourceVersion "1"]
[SourceVersionDate "2022.09.30"]
[SourceQuality "1"]

1. c4 Nf6 2. g3 g6 3. Bg2 Bg7 4. Nc3 0-0 5. Nf3 c6 6. 0-0 d5 7. cxd5 cxd5 8. d4 Bf5 9. Qb3 Qb6 10. Qxb6 axb6 11. Ne5 Nc6 12. Nxd5 Nxd5 13. Bxd5 Nxd4 14. Nf3 Nxe2+ 15. Kg2 Nxc1 16. Raxc1 Rfd8 17. Bxb7 Rxa2 18. Rc7 Ra7 19. Rxe7 Rb8 20. Rfe1 Raxb7 21. Rxb7 Rxb7 22. Re8+ Bf8 23. Ng5 f6 24. Nf3 Kf7 25. Rd8 Rd7 26. Rb8 Bc5 27. h3 Be4 0-1